[Event "Kaltern/Tramin2-Brixen/Milland"]
[Site "?"]
[Date "2015.11.14"]
[Round "2.2"]
[White "Unterkofler, Alex"]
[Black "Kofler, Thomas"]
[Result "1-0"]
[WhiteElo "1723"]
[BlackElo "1971"]
[PlyCount "59"]
[EventDate "2015.??.??"]

1. e4 d6 2. d4 Nf6 3. Nc3 Nbd7 4. f4 e5 5. Nf3 c6 6. Bc4 Be7 7. dxe5 dxe5 8.
fxe5 Ng4 9. Bxf7+ Kxf7 10. e6+ Ke8 11. exd7+ Bxd7 12. Qd4 Qc7 13. e5 Be6 14.
Bf4 b6 15. Ne4 Rd8 16. Nd6+ Kf8 17. O-O-O Nh6 18. Bxh6 gxh6 19. Qf4+ Kg7 20.
Qg3+ Kf8 21. Rhf1 Bxd6 22. exd6 Qd7 23. Ne5+ Bf7 24. Rxf7+ Qxf7 25. Nxf7 Kxf7
26. Qf4+ Kg7 27. Qe5+ Kg6 28. Qe6+ Kg7 29. Rd3 Rhe8 30. Rg3+ 1-0

[Event "Kaltern/Tramin2-Brixen/Milland"]
[Site "?"]
[Date "2015.11.14"]
[Round "2.3"]
[White "Kofler, Oswald"]
[Black "Maier, Fridolin"]
[Result "1-0"]
[WhiteElo "1845"]
[BlackElo "1695"]
[PlyCount "153"]
[EventDate "2015.??.??"]

1. d4 Nf6 2. c4 c5 3. Nc3 cxd4 4. Qxd4 Nc6 5. Qd1 g6 6. e3 Bg7 7. Bd3 O-O 8.
Nge2 d6 9. O-O Be6 10. b3 Qa5 11. Bb2 Nb4 12. Nd4 Nxd3 13. Qxd3 Nd7 14. Nxe6
fxe6 15. Qc2 Qf5 16. e4 Qg4 17. h3 Qh4 18. Nd1 Bxb2 19. Nxb2 e5 20. Rae1 Rf4
21. Nd3 Rf7 22. Nb4 Raf8 23. Re2 Nc5 24. f3 Qg3 25. Re3 Qg5 26. Qe2 Rf4 27. Kh2
h5 28. Nd3 Nxd3 29. Qxd3 h4 30. Qe2 R4f7 31. Rd3 Qg3+ 32. Kg1 g5 33. Qf2 b6 34.
Qxg3 hxg3 35. Rfd1 Rc8 36. Kf1 a5 37. Rd5 Rc5 38. Ke2 Rf8 39. Rxc5 bxc5 40. Kd3
Kf7 41. Rh1 Rh8 42. Rb1 Rb8 43. Kc3 Ke6 44. a3 Kd7 45. Rh1 Kc6 46. h4 Rh8 47.
h5 Rh6 48. Rh3 Kd7 49. b4 axb4+ 50. axb4 cxb4+ 51. Kxb4 Ke6 52. Kb5 Kf6 53. Kc6
Ke6 54. Kc7 Kf7 55. Kd7 Kf8 56. Rxg3 Rxh5 57. Ke6 Rh1 58. Rxg5 Rc1 59. Rf5+ Ke8
60. Rf7 Rxc4 61. Rxe7+ Kf8 62. Kxd6 Rc2 63. Rxe5 Rxg2 64. Rf5+ Ke8 65. Ke6 Ra2
66. Rb5 Ra6+ 67. Ke5 Rh6 68. f4 Rc6 69. f5 Rh6 70. Rb7 Ra6 71. f6 Ra2 72. Ke6
Ra6+ 73. Kf5 Ra1 74. e5 Ra6 75. f7+ Kf8 76. e6 Ra1 77. Rb8+ 1-0

[Event "Kaltern/Tramin2-Brixen/Milland"]
[Site "?"]
[Date "2015.11.14"]
[Round "2.4"]
[White "Sinner, Armin"]
[Black "Hellweg, Stephan"]
[Result "0-1"]
[WhiteElo "1581"]
[BlackElo "1719"]
[PlyCount "126"]
[EventDate "2015.??.??"]

1. Nf3 Nf6 2. g3 e6 3. Bg2 d5 4. O-O Be7 5. d3 c6 6. Nbd2 Nbd7 7. e4 dxe4 8.
dxe4 e5 9. Re1 O-O 10. b3 Re8 11. Bb2 Bb4 12. a3 Bxd2 13. Nxd2 Nb6 14. Nf3 Qxd1
15. Raxd1 Nbd7 16. Nh4 g6 17. Rd6 Nh5 18. Red1 Re7 19. Bf3 Nhf6 20. Bg2 Ne8 21.
R6d2 Nb6 22. Rd8 Bd7 23. Rxa8 Nxa8 24. Bxe5 Nb6 25. Bb2 h6 26. e5 g5 27. Nf3
Bf5 28. Rd2 Nd7 29. Nd4 Bg6 30. f4 Ng7 31. Bh3 f5 32. exf6 Nxf6 33. Nf3 Ne4 34.
Rd8+ Kh7 35. Bxg7 Kxg7 36. Ne5 Nf6 37. c3 gxf4 38. gxf4 Bc2 39. b4 Nd5 40. Rd7
Rxd7 41. Bxd7 Nxf4 42. Kf2 Nd5 43. c4 Ne7 44. Ke2 Kf6 45. Ng4+ Kg5 46. Ne3 Be4
47. h3 Ng6 48. Kf2 Kf4 49. Bc8 b6 50. c5 bxc5 51. bxc5 Ne5 52. Ba6 Nd7 53. Ng4
Nxc5 54. Bc4 h5 55. Nf6 h4 56. Nxe4 Kxe4 57. Be2 Nd3+ 58. Kf1 c5 59. Bd1 c4 60.
Kg1 Ke3 61. Ba4 c3 62. Kg2 c2 63. Bxc2 Ne1+ 0-1

[Event "Kaltern/Tramin2-Brixen/Milland"]
[Site "?"]
[Date "2015.11.14"]
[Round "2.5"]
[White "Piela, Jonas"]
[Black "Sanin, Wilfried"]
[Result "1-0"]
[WhiteElo "1655"]
[BlackElo "1499"]
[PlyCount "158"]
[EventDate "2015.??.??"]

1. Nf3 b6 2. g3 Bb7 3. Bg2 g6 4. O-O Bg7 5. c4 Nf6 6. Nc3 O-O 7. d3 d6 8. h3 a5
9. Be3 Nbd7 10. Qd2 Re8 11. Rab1 Ne5 12. Nxe5 Bxg2 13. Nxf7 Kxf7 14. Kxg2 d5
15. cxd5 Nxd5 16. Kh2 Kg8 17. a3 e6 18. Bg5 Qd7 19. Ne4 Rf8 20. Bh6 Nf6 21.
Nxf6+ Rxf6 22. Bxg7 Qxg7 23. b4 Qe7 24. f3 Rf7 25. Rfc1 Qd6 26. Rc2 Raf8 27.
Rbc1 Rxf3 28. exf3 Rxf3 29. Qg2 Rxd3 30. bxa5 bxa5 31. Rc6 Qd4 32. R1c2 Kg7 33.
Rxc7+ Kh6 34. Qf2 Qe5 35. Qf4+ Qxf4 36. gxf4 Rxa3 37. Re7 a4 38. Rxe6 Rf3 39.
Ra6 Rxf4 40. Ra2 Kh5 41. R6xa4 Rf3 42. Rg4 g5 43. Rg3 Rf5 44. Kg2 Rc5 45. Re3
h6 46. Re6 Rb5 47. Rae2 Rb3 48. h4 gxh4 49. R2e5+ Kg4 50. Rg6+ Kf4 51. Rh5 Rb2+
52. Kh1 Rb1+ 53. Rg1 Rb6 54. Rxh4+ Kf3 55. Rhg4 h5 56. Rg5 h4 57. Rf5+ Ke3 58.
Kh2 Ke4 59. Rh5 Kf3 60. Rxh4 Rb2+ 61. Kh1 Rb7 62. Kh2 Rb2+ 63. Kh3 Rb7 64. Rg3+
Kf2 65. Rf4+ Ke2 66. Kg2 Re7 67. Rf2+ Ke1 68. Kg1 Re6 69. Rgg2 Kd1 70. Rf1+ Re1
71. Rxe1+ Kxe1 72. Kh2 Kf1 73. Kg3 Ke1 74. Kf3 Kf1 75. Ra2 Ke1 76. Rh2 Kd1 77.
Ke3 Kc1 78. Kd3 Kb1 79. Kc3 Kc1 1-0

[Event "Bruneck-Arci"]
[Site "?"]
[Date "2015.11.28"]
[Round "3.1"]
[White "Seresin, Francesco"]
[Black "Luciani, Valerio"]
[Result "0-1"]
[WhiteElo "1875"]
[BlackElo "2149"]
[PlyCount "72"]
[EventDate "2015.??.??"]

1. d4 d5 2. c4 e6 3. Nc3 c5 4. cxd5 exd5 5. Nf3 Nc6 6. g3 Nf6 7. Bg2 Be7 8. O-O
O-O 9. Bg5 c4 10. Ne5 Be6 11. e3 h6 12. Bxf6 Bxf6 13. f4 Bxe5 14. fxe5 Ne7 15.
Qd2 Qd7 16. Rad1 Bg4 17. Bf3 Rad8 18. Bxg4 Qxg4 19. Rf4 Qg6 20. Rdf1 a6 21. Qf2
b5 22. a3 Rb8 23. Qf3 Qe6 24. h4 b4 25. Na4 Ng6 26. Rf5 Ne7 27. Rf4 Ng6 28. Nc5
Qe7 29. Rg4 Nxe5 30. dxe5 Qxc5 31. Rxg7+ Kxg7 32. Qf6+ Kh7 33. Qf5+ Kg8 34. Rf4
Qxe3+ 35. Kg2 Rb6 36. h5 Re6 0-1

[Event "Bruneck-Arci"]
[Site "?"]
[Date "2015.11.28"]
[Round "3.2"]
[White "Moling, Patrick"]
[Black "Olivetti, Davide"]
[Result "1/2-1/2"]
[WhiteElo "2094"]
[BlackElo "1972"]
[PlyCount "29"]
[EventDate "2015.??.??"]

1. e4 e5 2. Nf3 Nc6 3. Bb5 Nf6 4. d3 Bc5 5. O-O Nd4 6. Bc4 d6 7. c3 Nxf3+ 8.
Qxf3 O-O 9. Nd2 Bg4 10. Qg3 Be2 11. Re1 Nh5 12. Qh3 Nf4 13. Qg3 Nh5 14. Qh3 Nf4
15. Qg3 1/2-1/2

[Event "Bruneck-Arci"]
[Site "?"]
[Date "2015.11.28"]
[Round "3.3"]
[White "De Vita, Gianni"]
[Black "Peintner, Andreas"]
[Result "1-0"]
[WhiteElo "1908"]
[BlackElo "1915"]
[PlyCount "26"]
[EventDate "2015.??.??"]

1. e4 c5 2. c3 e6 3. d4 d5 4. exd5 exd5 5. Nf3 Nc6 6. Bb5 Bd6 7. O-O Nge7 8.
Re1 O-O 9. Bg5 Be6 10. Bh4 Qc7 11. Nbd2 Nf5 12. Nf1 cxd4 13. cxd4 Qb6 {
Partieformular(e) unleserlich} 1-0

[Event "Bruneck-Arci"]
[Site "?"]
[Date "2015.11.28"]
[Round "3.4"]
[White "Niederkofler, Andreas"]
[Black "Adzic, Ranko"]
[Result "0-1"]
[WhiteElo "1797"]
[BlackElo "1894"]
[PlyCount "66"]
[EventDate "2015.??.??"]

1. e4 d6 2. d4 g6 3. Nc3 Bg7 4. Be3 Nf6 5. Qd2 Nbd7 6. Bh6 O-O 7. h4 e5 8. d5
Nc5 9. f3 Bd7 10. g4 Ne8 11. h5 Bxh6 12. Qxh6 g5 13. Nh3 f6 14. O-O-O a6 15.
Ne2 c6 16. Ng3 Rf7 17. dxc6 bxc6 18. Bc4 Be6 19. Nxg5 Bxc4 20. Nxf7 Bxf7 21.
Nf5 Ne6 22. Qe3 d5 23. exd5 cxd5 24. Rxd5 Qc7 25. Nh6+ Kh8 26. Nxf7+ Qxf7 27.
Rhd1 Nd4 28. Ra5 Qg7 29. Qd2 Nd6 30. Ra4 N6b5 31. Kb1 Rb8 32. Kc1 Qb7 33. f4
Nc3 0-1

[Event "Bruneck-Arci"]
[Site "?"]
[Date "2015.11.28"]
[Round "3.5"]
[White "Rinaldo, Gaetano"]
[Black "Lang, Guenther"]
[Result "1-0"]
[WhiteElo "1669"]
[BlackElo "1705"]
[PlyCount "79"]
[EventDate "2015.??.??"]

1. g3 f5 2. Nf3 Nf6 3. c4 d6 4. Bg2 e5 5. d3 c6 6. O-O g6 7. Bg5 h6 8. Bd2 Qc7
9. Nh4 Qf7 10. e3 g5 11. Nf3 Nbd7 12. Ne1 Be7 13. f4 g4 14. Nc3 h5 15. e4 exf4
16. Rxf4 Ne5 17. exf5 h4 18. Qe2 Nh5 19. Rf1 hxg3 20. Bf4 gxh2+ 21. Kh1 Nxf4
22. Rxf4 Kd8 23. Ne4 Kc7 24. Qf1 Bf6 25. Nxf6 Qxf6 26. d4 Nf7 27. Nc2 Nh6 28.
Ne3 Bd7 29. Nxg4 Nxg4 30. Rxg4 Qxf5 31. Rf4 Qh5 32. Rf7 Rh7 33. Rxh7 Qxh7 34.
Re1 Rg8 35. Qf2 Rg7 36. c5 Qh6 37. Rf1 Re7 38. Qg3 Kc8 39. Qxd6 Qxd6 40. cxd6 {
Zeitueberschreitung} 1-0

[Event "Bruneck-Arci"]
[Site "?"]
[Date "2015.11.28"]
[Round "3.6"]
[White "Balzarini, Franco"]
[Black "D'Ambrosio, Luca"]
[Result "1-0"]
[WhiteElo "1792"]
[BlackElo "1771"]
[PlyCount "97"]
[EventDate "2015.??.??"]

1. d4 d5 2. Nf3 Nf6 3. e3 Bg4 4. Be2 e6 5. O-O Be7 6. Nbd2 O-O 7. c4 c6 8. b3
Nbd7 9. Bb2 h6 10. a3 Bf5 11. b4 a5 12. Qb3 axb4 13. axb4 Qc7 14. Rfc1 Qb6 15.
c5 Qc7 16. b5 cxb5 17. Bxb5 Rfb8 18. h3 Ne4 19. Nxe4 Bxe4 20. Nd2 Bf5 21. Nf3
Be4 22. Nd2 Bf5 23. Rxa8 Rxa8 24. Ra1 Rxa1+ 25. Bxa1 Nb8 26. Qa4 Nc6 27. Bc3
Kh7 28. Nf3 Be4 29. Nd2 Bf5 30. Qa8 Qb8 31. Qa2 Qc7 32. Nb3 b6 33. Qa6 Bd8 34.
cxb6 Qxb6 35. Qxb6 Bxb6 36. Bxc6 Bc2 37. Nc5 Bd8 38. Bb5 Bg6 39. Bd3 Bxd3 40.
Nxd3 Bf6 41. Ne5 Kg8 42. Kf1 Be7 43. Ke2 Bh4 44. g3 Be7 45. f3 Bd6 46. g4 Be7
47. e4 dxe4 48. fxe4 Bd6 49. d5 1-0

[Event "Gries- Kaltern/Tramin"]
[Site "?"]
[Date "2015.11.28"]
[Round "3.6"]
[White "Spornberger, Peter"]
[Black "Thaler, Elmar"]
[Result "0-1"]
[WhiteElo "1569"]
[BlackElo "1826"]
[PlyCount "70"]
[EventDate "2015.??.??"]

1. e4 c6 2. d4 d5 3. exd5 cxd5 4. c4 e6 5. Nf3 Nf6 6. Nc3 Be7 7. Be2 O-O 8. O-O
dxc4 9. Bxc4 Nbd7 10. Re1 Nb6 11. Bb3 Nbd5 12. Bg5 b6 13. Rc1 Bb7 14. Bh4 Rc8
15. Nxd5 Nxd5 16. Rxc8 Bxc8 17. Bxd5 Bxh4 18. Bb3 Bb7 19. Nxh4 Qxh4 20. Re3 Rc8
21. Rc3 Rxc3 22. bxc3 Qe4 23. d5 Bxd5 24. Bxd5 Qxd5 25. Qe2 g6 26. c4 Qd4 27.
g3 e5 28. Kg2 f5 29. Kf1 Kf7 30. f3 Ke6 31. f4 e4 32. g4 Qd3 33. g5 Kd6 34. Kf2
Qxe2+ 35. Kxe2 Kc5 0-1

[Event "Gries- Kaltern/Tramin"]
[Site "?"]
[Date "2015.11.28"]
[Round "3.3"]
[White "Waldner, Mirko"]
[Black "Zammarchi, Massimo"]
[Result "1/2-1/2"]
[WhiteElo "1900"]
[BlackElo "1939"]
[PlyCount "82"]
[EventDate "2015.??.??"]

1. d4 f5 2. g3 Nf6 3. Bg2 g6 4. Nf3 Bg7 5. c4 d6 6. Nc3 O-O 7. O-O Nc6 8. d5
Ne5 9. Nxe5 dxe5 10. b4 h6 11. Bb2 e6 12. Qb3 exd5 13. Nxd5 c6 14. Nxf6+ Qxf6
15. Rad1 Be6 16. Qc2 Qf7 17. Rc1 Rfd8 18. a4 Rac8 19. a5 e4 20. Bxg7 Kxg7 21.
e3 Rd7 22. Rfd1 Rcd8 23. Bf1 g5 24. Be2 g4 25. Rxd7 Rxd7 26. Rd1 Qf6 27. Rxd7+
Bxd7 28. Qd1 Be8 29. Kf1 b6 30. axb6 axb6 31. Qd4 b5 32. Ke1 bxc4 33. Bxc4 Bf7
34. Qxf6+ Kxf6 35. Bxf7 Kxf7 36. Kd2 Ke6 37. Kc3 Kd5 38. Kb3 c5 39. b5 c4+ 40.
Kb4 h5 41. b6 Kc6 1/2-1/2

[Event "Gries- Kaltern/Tramin"]
[Site "?"]
[Date "2015.11.28"]
[Round "3.4"]
[White "Fongarolli, Diego"]
[Black "Bertagnolli, Gerhard"]
[Result "1-0"]
[WhiteElo "1936"]
[BlackElo "1878"]
[PlyCount "33"]
[EventDate "2015.??.??"]

1. e4 c5 2. Nf3 e6 3. d4 cxd4 4. Nxd4 a6 5. Bd3 Qc7 6. O-O Nf6 7. Qe2 d6 8. f4
Nbd7 9. Kh1 Be7 10. Bd2 b6 11. c4 Bb7 12. Nc3 O-O 13. Rae1 e5 14. Nf5 Nc5 15.
Bb1 Ne6 16. Nd5 Bxd5 17. exd5 1-0

[Event "Gries- Kaltern/Tramin"]
[Site "?"]
[Date "2015.11.28"]
[Round "3.1"]
[White "Paltrinieri, Nicholas"]
[Black "Benaglia, Giovanni"]
[Result "1-0"]
[WhiteElo "2201"]
[BlackElo "1963"]
[PlyCount "51"]
[EventDate "2015.??.??"]

1. d4 b6 2. e4 Bb7 3. Bd3 Nf6 4. Qe2 Nc6 5. c3 e5 6. d5 Ne7 7. f4 exf4 8. Bxf4
Ng6 9. Bg3 Bc5 10. Nd2 O-O 11. O-O-O Re8 12. c4 d6 13. Nh3 c6 14. Qf3 Bc8 15.
Nf2 Ne5 16. Bxe5 dxe5 17. h3 Bxf2 18. Qxf2 c5 19. Rdf1 Re7 20. Kb1 Ne8 21. g4
Nd6 22. g5 Bd7 23. h4 Qc7 24. Rc1 Rc8 25. h5 a6 26. h6 1-0

[Event "Gries- Kaltern/Tramin"]
[Site "?"]
[Date "2015.11.28"]
[Round "3.5"]
[White "Dallaglio, Giovanni"]
[Black "Paulmichl, Martin"]
[Result "0-1"]
[WhiteElo "1840"]
[BlackElo "1922"]
[PlyCount "64"]
[EventDate "2015.??.??"]

1. d4 d5 2. Nf3 Bf5 3. c4 e6 4. e3 c6 5. Bd3 Nf6 6. O-O Nbd7 7. Nc3 Bd6 8. b3
Ne4 9. Bb2 O-O 10. Qc2 Ndf6 11. h3 Rc8 12. Nd2 Nxd2 13. Qxd2 Ne4 14. Qc2 Qg5
15. f4 Qg6 16. Bxe4 dxe4 17. Kh2 h5 18. Rg1 f6 19. g4 hxg4 20. Rg3 Kf7 21. Rag1
Rh8 22. Kg2 Rh4 23. Kf1 Rch8 24. hxg4 Rxg4 25. Rxg4 Bxg4 26. Qxe4 f5 27. Qc2
Rh3 28. Nd1 Qh5 29. Qg2 Bb4 30. Bc3 Rf3+ 31. Ke1 Bxc3+ 32. Nxc3 Qh4+ 0-1

[Event "Gries- Kaltern/Tramin"]
[Site "?"]
[Date "2015.11.28"]
[Round "3.2"]
[White "Niederstaetter, Harald"]
[Black "Panjkovic, Aleksandar"]
[Result "1-0"]
[WhiteElo "1952"]
[BlackElo "2086"]
[PlyCount "189"]
[EventDate "2015.??.??"]

1. d4 d6 2. Nf3 g6 3. e3 Bg7 4. Be2 Nf6 5. c4 Nbd7 6. Nc3 O-O 7. O-O e5 8. b4
Re8 9. Qc2 e4 10. Nd2 Qe7 11. a4 Nf8 12. Nd5 Nxd5 13. cxd5 Bf5 14. Bb2 h5 15.
Ra3 Rac8 16. b5 Nh7 17. Rc1 Nf6 18. Bc4 Rf8 19. Rc3 Ne8 20. Nf1 h4 21. Be2 Qg5
22. Kh1 Bf6 23. Nd2 Bd8 24. Nxe4 Bxe4 25. Qxe4 Nf6 26. Qf3 Qxd5 27. Qh3 Rb8 28.
R3c2 Ne4 29. Bd3 Re8 30. Qd7 Re7 31. Qg4 Re8 32. Qf3 Qe6 33. h3 Ng5 34. Qf4 Ne4
35. Kg1 Bg5 36. Qxe4 Qxe4 37. Bxe4 Rxe4 38. Rxc7 Re7 39. d5 Rxc7 40. Rxc7 Kf8
41. Bd4 Bd8 42. Rc4 Ra8 43. Kf1 Ke8 44. Ke2 Kd7 45. Kf3 Be7 46. Kf4 Bd8 47. e4
Be7 48. Kg4 b6 49. f4 Rg8 50. Rc6 f5+ 51. Kf3 fxe4+ 52. Kxe4 Re8 53. Kf3 Bd8
54. a5 bxa5 55. Bxa7 Bc7 56. Bd4 Re1 57. Ra6 Rb1 58. b6 Bd8 59. Rxa5 Bxb6 60.
Bxb6 Rxb6 61. Ra7+ Ke8 62. Rg7 Rb3+ 63. Kf2 Rg3 64. f5 Rg5 65. fxg6 Rxd5 66.
Rh7 Rg5 67. Rxh4 Rxg6 68. Rh7 d5 69. g4 Rd6 70. Ke3 d4+ 71. Kd3 Kf8 72. h4 Kg8
73. Ra7 Rf6 74. Rd7 Kf8 75. Rxd4 Rf1 76. Ke3 Kg7 77. h5 Rh1 78. Kf4 Rh2 79. Rd5
Rg2 80. g5 Rh2 81. Kf5 Rxh5 82. Rd7+ Kf8 83. Kg6 Rh1 84. Rd8+ Ke7 85. Ra8 Rf1
86. Kg7 Rf2 87. g6 Rg2 88. Ra4 Re2 89. Kh7 Rh2+ 90. Kg8 Rg2 91. g7 Re2 92. Ra7+
Kf6 93. Kf8 Rb2 94. Ra8 Rg2 95. g8=Q 1-0

[Event "Deutschnofen-Klausen"]
[Site "?"]
[Date "2015.11.28"]
[Round "3.1"]
[White "Schacher, Gerd"]
[Black "Rossi, Carlo"]
[Result "1/2-1/2"]
[WhiteElo "2295"]
[BlackElo "2284"]
[PlyCount "105"]
[EventDate "2015.??.??"]

1. g3 f5 2. c4 Nf6 3. Bg2 g6 4. Nc3 Bg7 5. Nf3 O-O 6. Rb1 Qe8 7. b4 e5 8. d3 d6
9. O-O h6 10. Qb3 Kh8 11. Bb2 g5 12. Rfc1 c6 13. b5 e4 14. Ne1 e3 15. Nd1 exf2+
16. Nxf2 Qxe2 17. Nf3 Qe8 18. Re1 Qf7 19. bxc6 Nxc6 20. Nd4 Nxd4 21. Bxd4 f4
22. Qb2 Rb8 23. Ne4 Nxe4 24. Rxe4 Bf5 25. Bxg7+ Qxg7 26. Re7 Qxb2 27. Rxb2 Bxd3
28. Rd2 Bxc4 29. Rxd6 Rf7 30. Rxf7 Bxf7 31. gxf4 gxf4 32. a3 Kg7 33. Rd7 Kf6
34. Bxb7 Be6 35. Rh7 Ke5 36. Kf2 Bf5 37. Re7+ Kf6 38. Rc7 Rd8 39. h4 Bg4 40.
Rc6+ Ke5 41. Rc5+ Kd4 42. Ra5 Rb8 43. Ra4+ Ke5 44. Rxa7 h5 45. Ra5+ Kd6 46. Rb5
Kc7 47. Bc6 Rd8 48. Bd5 Re8 49. Bf3 Re6 50. Bxg4 hxg4 51. Rf5 g3+ 52. Kg2 Re2+
53. Kg1 1/2-1/2

[Event "Deutschnofen-Klausen"]
[Site "?"]
[Date "2015.11.28"]
[Round "3.2"]
[White "Micheli, Carlo"]
[Black "Seebacher, Reinhard"]
[Result "1-0"]
[WhiteElo "2239"]
[BlackElo "1911"]
[PlyCount "83"]
[EventDate "2015.??.??"]

1. e4 c6 2. d4 d5 3. e5 Bf5 4. Nf3 e6 5. Be2 Nd7 6. O-O Be7 7. b3 Bg4 8. Nbd2
Nh6 9. h3 Bxf3 10. Nxf3 Nf5 11. c4 dxc4 12. bxc4 Nb6 13. a4 Rb8 14. a5 Na8 15.
Qd3 O-O 16. Rd1 Nc7 17. Qe4 Nh4 18. Nh2 Ng6 19. f4 Qd7 20. g4 Rfd8 21. Be3 b6
22. axb6 axb6 23. Ra7 Ra8 24. Rda1 Rxa7 25. Rxa7 c5 26. Nf3 Rb8 27. f5 Nf8 28.
f6 gxf6 29. exf6 Bxf6 30. Bf4 Rc8 31. dxc5 bxc5 32. Kg2 Ng6 33. Bg3 Qd8 34. g5
Bxg5 35. Bxc7 Rxc7 36. Ra8 Rc8 37. Rxc8 Qxc8 38. Nxg5 Qd8 39. Nf3 Qf6 40. h4
Nf4+ 41. Kf2 Nh3+ 42. Kg3 1-0

[Event "Deutschnofen-Klausen"]
[Site "?"]
[Date "2015.11.28"]
[Round "3.3"]
[White "Seebacher, Michael"]
[Black "Thurner, Markus"]
[Result "0-1"]
[WhiteElo "1766"]
[BlackElo "1874"]
[PlyCount "114"]
[EventDate "2015.??.??"]

1. e4 e6 2. c4 d5 3. exd5 exd5 4. d4 Nf6 5. Nc3 Bb4 6. Nf3 O-O 7. Be2 dxc4 8.
O-O c6 9. Ne5 Be6 10. Nxc4 Nbd7 11. Bg5 Bxc4 12. Bxc4 Bxc3 13. bxc3 Qa5 14. Bd2
Ne4 15. Be1 Ndf6 16. Bd3 Rfe8 17. Qc2 Rad8 18. f3 Ng5 19. Rb1 Rd7 20. c4 Qd8
21. Bc3 Ne6 22. d5 cxd5 23. Bxf6 Qxf6 24. cxd5 Nd4 25. Qa4 Red8 26. Rfe1 g6 27.
Be4 b6 28. Rbd1 Nf5 29. Qc2 Ne7 30. Qb3 Qg5 31. d6 Rxd6 32. Rc1 Rd2 33. f4 Qh4
34. Qe3 R8d7 35. Bf3 Nf5 36. Rc8+ Kg7 37. Qe5+ f6 38. Qe8 Kh6 39. Rf1 Qxf4 40.
Qf8+ Ng7 41. Re8 Qd6 42. a4 Qxf8 43. Rxf8 f5 44. Re1 Nh5 45. h3 Rc7 46. Kh2 Ra2
47. Rg8 Nf6 48. Rf8 Kg7 49. Rd8 Rxa4 50. Kg3 Ne4+ 51. Kh2 Ng5 52. Bd5 Rd4 53.
h4 Rxh4+ 54. Kg3 Rg4+ 55. Kf2 Ne4+ 56. Ke3 Nf6 57. Bf3 Re7+ 0-1

[Event "Deutschnofen-Klausen"]
[Site "?"]
[Date "2015.11.28"]
[Round "3.4"]
[White "Gibitz, Othmar"]
[Black "Schrott, Johann"]
[Result "0-1"]
[WhiteElo "1644"]
[BlackElo "1812"]
[PlyCount "93"]
[EventDate "2015.??.??"]

1. e4 c5 2. Nf3 Nc6 3. d4 cxd4 4. Nxd4 Nf6 5. Nc3 d6 6. Be2 a6 7. O-O e6 8. f4
Be7 9. Kh1 O-O 10. Bf3 Qc7 11. Nce2 Bd7 12. c3 Rac8 13. Nxc6 Bxc6 14. Ng3 b5
15. Qe1 Qb7 16. e5 Nd7 17. exd6 Bxd6 18. Be3 Rfe8 19. Rd1 Be7 20. Bd4 Bh4 21.
Bxc6 Qxc6 22. Rf3 f6 23. Re3 a5 24. Qe2 Bxg3 25. Rxg3 e5 26. Qg4 Re7 27. Re1
Rce8 28. fxe5 fxe5 29. Be3 Rf8 30. Bg1 Ref7 31. Qe2 Rf6 32. Qe3 Nc5 33. Qe2 e4
34. h3 Nd3 35. Qxe4 Nxe1 36. Qxe1 Rf1 37. Qe2 Qf6 38. Re3 h6 39. Kh2 Qd6+ 40.
g3 Qc5 41. Qg2 Qd6 42. Re2 Rd1 43. Bd4 Rff1 44. Re8+ Kh7 45. Qc2+ Qg6 46. Rh8+
Kxh8 47. Qxg6 0-1

[Event "Deutschnofen-Klausen"]
[Site "?"]
[Date "2015.11.28"]
[Round "3.6"]
[White "Welsch, Ulrich"]
[Black "Sigmund, Ingenuin"]
[Result "1-0"]
[WhiteElo "1589"]
[BlackElo "1729"]
[PlyCount "57"]
[EventDate "2015.??.??"]

1. d4 e6 2. c4 Bb4+ 3. Bd2 Qe7 4. Nf3 Nf6 5. Qc2 b6 6. e4 Bb7 7. Bd3 Bxd2+ 8.
Nbxd2 Na6 9. a3 c5 10. O-O g6 11. e5 Nh5 12. d5 d6 13. dxe6 O-O 14. exf7+ Rxf7
15. Be4 dxe5 16. Bxb7 Qxb7 17. Nxe5 Rf5 18. Ng4 Rg5 19. f3 Ng7 20. Ne4 Rxg4 21.
fxg4 Ne6 22. Qe2 Nac7 23. Nf6+ Kh8 24. Qe5 Ng7 25. Rad1 Nce6 26. Rd7 Qc6 27.
Rfd1 Rf8 28. R1d6 Qc8 29. Qxe6 1-0

[Event "J. Richter/Lask-Groeden"]
[Site "?"]
[Date "2015.11.28"]
[Round "3.1"]
[White "Moroder, Stephan"]
[Black "Dappiano, Andrea"]
[Result "1/2-1/2"]
[WhiteElo "2164"]
[BlackElo "2249"]
[PlyCount "94"]
[EventDate "2015.??.??"]

1. e4 c5 2. Nf3 e6 3. c3 Nf6 4. e5 Nd5 5. d4 cxd4 6. cxd4 d6 7. Nc3 Nxc3 8.
bxc3 Nc6 9. exd6 Bxd6 10. Bd3 e5 11. O-O exd4 12. Re1+ Be7 13. Ng5 g6 14. Qe2
Kf8 15. Nxf7 Kxf7 16. Bh6 Qd6 17. Qf3+ Bf5 18. g4 Ne5 19. Rxe5 Qxe5 20. gxf5
gxf5 21. Qh5+ Ke6 22. cxd4 Rhg8+ 23. Kf1 Qd5 24. Re1+ Kd7 25. Bxf5+ Kd8 26.
Rxe7 Kxe7 27. Qh4+ Ke8 28. Qh5+ Kd8 29. Bg5+ Kc7 30. Qxh7+ Kb6 31. Be4 Qb5+ 32.
Ke1 Rxg5 33. Qxb7+ Ka5 34. Qxb5+ Kxb5 35. Bxa8 Rh5 36. Ke2 Kc4 37. Ke3 Rxh2 38.
Be4 Rh3+ 39. f3 Rh2 40. a4 Ra2 41. Bc6 Ra1 42. d5 Kc5 43. Ke4 Kd6 44. Kf5 Rf1
45. f4 a5 46. Ke4 Rf2 47. Kf5 Rf1 1/2-1/2

[Event "J. Richter/Lask-Groeden"]
[Site "?"]
[Date "2015.11.28"]
[Round "3.2"]
[White "De Eccher, Stefano"]
[Black "Demetz, Rainer"]
[Result "1/2-1/2"]
[WhiteElo "2212"]
[BlackElo "2183"]
[PlyCount "60"]
[EventDate "2015.??.??"]

1. e4 e5 2. Nf3 d6 3. d4 exd4 4. Nxd4 Nf6 5. Nc3 Be7 6. g3 O-O 7. Bg2 Re8 8.
O-O c6 9. h3 Bf8 10. Re1 Nbd7 11. f4 Qc7 12. Be3 Nc5 13. Bf2 a5 14. a4 Bd7 15.
Qd2 Rad8 16. Rad1 Bc8 17. g4 g6 18. Bf3 Bg7 19. Kg2 h6 20. Re2 Rd7 21. Rde1 Ne6
22. Nxe6 Rxe6 23. Qe3 Nxe4 24. Nxe4 d5 25. Qb6 dxe4 26. Rxe4 Qxb6 27. Bxb6 Rd2+
28. R1e2 Rxe2+ 29. Rxe2 Rxe2+ 30. Bxe2 Bxb2 1/2-1/2

[Event "J. Richter/Lask-Groeden"]
[Site "?"]
[Date "2015.11.28"]
[Round "3.3"]
[White "Bernardi, Ruben"]
[Black "Moncher, Stefano"]
[Result "0-1"]
[WhiteElo "2080"]
[BlackElo "2157"]
[PlyCount "80"]
[EventDate "2015.??.??"]

1. e4 Nf6 2. e5 Nd5 3. d4 Nb6 4. Nf3 d5 5. a4 a5 6. b3 Bg4 7. Ba3 e6 8. Bxf8
Kxf8 9. Na3 N8d7 10. h3 Bxf3 11. Qxf3 Qe7 12. Bb5 c6 13. Be2 g6 14. O-O Kg7 15.
Qg3 Rac8 16. c3 f6 17. f4 Rhf8 18. Nc2 c5 19. Rae1 f5 20. h4 c4 21. b4 axb4 22.
Nxb4 Ra8 23. h5 Rxa4 24. hxg6 hxg6 25. Kf2 Rh8 26. Rh1 Raa8 27. Bh5 Rh6 28. Rh2
Qf7 29. Reh1 Rah8 30. Qg5 Nf8 31. Bxg6 Rxg6 32. Rxh8 Rxg5 33. fxg5 Qg6 34. R8h3
Na4 35. Ra1 b5 36. Nc2 f4 37. Na3 Nh7 38. Rh6 Qd3 39. Nxb5 Nxg5 40. Rh5 Qe3+
0-1

[Event "J. Richter/Lask-Groeden"]
[Site "?"]
[Date "2015.11.28"]
[Round "3.4"]
[White "Billio, Atto"]
[Black "Oberrauch, Martin"]
[Result "1-0"]
[WhiteElo "2012"]
[BlackElo "2043"]
[PlyCount "91"]
[EventDate "2015.??.??"]

1. c4 e5 2. g3 d6 3. Bg2 g6 4. Nc3 Bg7 5. d3 f5 6. e4 c6 7. exf5 Bxf5 8. Nge2
Nf6 9. O-O O-O 10. d4 Nbd7 11. h3 Nb6 12. b3 Re8 13. Be3 Qc7 14. Rc1 Rad8 15.
g4 exd4 16. Nxd4 Bc8 17. Qd2 Qf7 18. a4 Nbd7 19. g5 Nh5 20. Rb1 Nc5 21. a5 a6
22. b4 Ne6 23. Nce2 Nxd4 24. Nxd4 Qxc4 25. b5 axb5 26. Nxb5 Qf7 27. Nxd6 Rxd6
28. Qxd6 Be5 29. Qb4 Nf4 30. Bxf4 Bxf4 31. h4 h6 32. gxh6 Bxh6 33. Rbe1 Rd8 34.
Re7 Qf6 35. Qc4+ Kf8 36. Ree1 Rd4 37. Qc5+ Kf7 38. Re7+ Qxe7 39. Qxd4 Bg7 40.
Qf4+ Bf6 41. Rd1 Bf5 42. h5 Qc5 43. Qc7+ Kf8 44. h6 g5 45. Re1 Kg8 46. Qxb7 1-0

[Event "J. Richter/Lask-Groeden"]
[Site "?"]
[Date "2015.11.28"]
[Round "3.5"]
[White "Moroder, Thomas"]
[Black "Bevilacqua, Maurizio"]
[Result "1/2-1/2"]
[WhiteElo "1951"]
[BlackElo "1999"]
[PlyCount "114"]
[EventDate "2015.??.??"]

1. e4 c5 2. Nf3 e6 3. c4 Nc6 4. Nc3 Nf6 5. Be2 a6 6. O-O Qc7 7. Re1 Bd6 8. h3
O-O 9. d3 Rb8 10. Be3 b6 11. Bf1 Bb7 12. g3 Ne5 13. Nd2 Ng6 14. f4 Be7 15. Rc1
Bc6 16. Bg2 d6 17. Qe2 Rfd8 18. g4 Nd7 19. Rf1 Qb7 20. f5 Nge5 21. fxe6 fxe6
22. Nd5 Nf8 23. Nxe7+ Qxe7 24. Nf3 Nfg6 25. Qd2 Rf8 26. Bg5 Qd7 27. d4 Nxf3+
28. Bxf3 h6 29. Be3 e5 30. dxc5 dxc5 31. Qxd7 Bxd7 32. Rcd1 Be6 33. b3 Rbd8 34.
Rxd8 Rxd8 35. Rd1 Rxd1+ 36. Bxd1 Nf4 37. Kh2 g5 38. Kg3 Kf7 39. Bf3 Ke7 40. h4
Kf6 41. Bd2 Bd7 42. Bd1 Bc6 43. hxg5+ hxg5 44. Bf3 Ne6 45. Kf2 Nd4 46. b4 cxb4
47. Bxb4 Nc2 48. Bf8 a5 49. Bd6 a4 50. Bc7 b5 51. Bd8+ Kg6 52. cxb5 Bxb5 53.
Be7 Nd4 54. Ke3 Nc6 55. Bc5 Bc4 56. Bd1 Bxa2 57. Bxa4 Nd8 1/2-1/2